Kongresszusi titkári levél előadás szövegének átvételéről
Elmentve itt :
| További közreműködők: | |
|---|---|
| Dokumentumtípus: | Kézirat |
| Megjelent: |
1902-08-26
|
| Kulcsszavak: | kongresszus, előadás, cigány nyelvtan |
| Online Access: | http://misc.bibl.u-szeged.hu/46770 |
| LEADER | 00602ntm a2200169 i 4500 | ||
|---|---|---|---|
| 001 | misc46770 | ||
| 005 | 20200430123253.0 | ||
| 008 | 200430s1902 hu o 0|| ger d | ||
| 040 | |a SZTE Miscellanea Repozitórium |b hun | ||
| 041 | |a ger | ||
| 245 | 0 | 0 | |a Kongresszusi titkári levél előadás szövegének átvételéről |h [elektronikus dokumentum] |
| 260 | |c 1902-08-26 | ||
| 300 | |a 1 | ||
| 561 | |a Herrmann Antal hagyaték | ||
| 695 | |a kongresszus, előadás, cigány nyelvtan | ||
| 700 | 0 | 1 | |a Herrmann Antal |
| 856 | 4 | 0 | |u http://misc.bibl.u-szeged.hu/46770/1/hermann_antal_ms_1934_004_egyeb_007.pdf |z Dokumentum-elérés |